LEADER 00783nam0-22003011i-450- 001 990002053810403321 005 20021010 035 $a000205381 035 $aFED01000205381 035 $a(Aleph)000205381FED01 035 $a000205381 100 $a20021010d--------km-y0itay50------ba 101 0 $aita 200 1 $aAnimal ecology$fCharles Elton 210 $aLondon$cSidgwick & Jackson$d1927 215 $a207 p.$d22 cm 610 0 $aEcologia 610 0 $aEcologia Animale 676 $a591.5 700 1$aElton,$bCharles Sutherland$f<1900-1991>$063729 801 0$aIT$bUNINA$gRICA$2UNIMARC 901 $aBK 912 $a990002053810403321 952 $a61 VIII A.2/04$b383$fDAGEN 959 $aDAGEN 996 $aAnimal ecology$9405974 997 $aUNINA DB $aING01 LEADER 00958nam0-22003131i-450- 001 990002035230403321 005 20021010 035 $a000203523 035 $aFED01000203523 035 $a(Aleph)000203523FED01 035 $a000203523 100 $a20021010d--------km-y0itay50------ba 101 0 $aita 200 1 $a<>primiers etats des Staphylinoidea (Coleoptera)$eedude de morphologie comparee.$fRenaud Paulian 210 $aParis$cUniversite de Paris$d1941 215 $a361 p.$d27 cm 300 $aTheses presentees a la Faculte des Sciences de l'universite de Paris. 610 0 $aColeotteri 610 0 $aStafilinidi 676 $a595.7642 700 1$aPaulian,$bRenaud$085369 801 0$aIT$bUNINA$gRICA$2UNIMARC 901 $aBK 912 $a990002035230403321 952 $a61 V B.5/03$b2895 (10/7/91)$fDAGEN 959 $aDAGEN 996 $aPrimiers etats des Staphylinoidea (Coleoptera$9404493 997 $aUNINA DB $aING01 LEADER 03543nam 2200721 a 450 001 9910457100103321 005 20200520144314.0 010 $a1-282-46125-7 010 $a9786612461255 010 $a0-8213-8111-3 035 $a(CKB)2550000000005674 035 $a(EBL)476181 035 $a(OCoLC)593209940 035 $a(SSID)ssj0000085192 035 $a(PQKBManifestationID)11980914 035 $a(PQKBTitleCode)TC0000085192 035 $a(PQKBWorkID)10004279 035 $a(PQKB)10023717 035 $a(MiAaPQ)EBC476181 035 $a(Au-PeEL)EBL476181 035 $a(CaPaEBR)ebr10364108 035 $a(CaONFJC)MIL246125 035 $a(EXLCZ)992550000000005674 100 $a20090910d2010 uf 0 101 0 $aeng 135 $aur|n|---||||| 181 $ctxt 182 $cc 183 $acr 200 10$aAccounting for growth in Latin America and the Caribbean$b[electronic resource] $eimproving corporate financial reporting to support regional economic development /$fHenri Fortin, Ana Cristina Hirata Barros, Kit Cutler 210 $aWashington, D.C. $cWorld Bank$dc2010 215 $a1 online resource (202 p.) 225 1 $aDirections in development. Finance 300 $aDescription based upon print version of record. 311 $a0-8213-8108-3 320 $aIncludes bibliographical references and index. 327 $aContents; Foreword; Preface; Acknowledgments; About the Authors; Abbreviations; Overview; Figures; Chapter 1 Introduction and Background; Tables; Boxes; Chapter 2 National Corporate Financial Reporting Frameworks; Chapter 3 Preserving the Good Name of the Accounting Profession; Chapter 4 The Role of Education Systems; Chapter 5 Adoption of International Accounting and Auditing Standards; Chapter 6 Ensuring Compliance with Accounting and Auditing Standards; Chapter 7 A Roadmap for Reform; Appendixes; References and Other Resources; Glossary; Index 330 $aThe importance of moving toward high-quality, global standards of accounting and auditing has never been clearer. In the midst of the global financial and economic crisis, the leaders of the Group of 20 met and issued their ""Declaration on Strengthening the Financial System,"" placing significant emphasis on sound accounting and auditing standards as a critical piece of the international financial architecture.Transparent and reliable corporate financial reporting underpins much of the Latin America and Caribbean development agenda, from private-sector-led growth to enhanced financial stabili 410 0$aDirections in development (Washington, D.C.).$pFinance. 606 $aAccounting$zLatin America 606 $aAccounting$zCaribbean Area 606 $aCorporations$zLatin America$xAccounting 606 $aCorporations$zCaribbean Area$xAccounting 606 $aEconomic development$zLatin America 606 $aEconomic development$zCaribbean Area 608 $aElectronic books. 615 0$aAccounting 615 0$aAccounting 615 0$aCorporations$xAccounting. 615 0$aCorporations$xAccounting. 615 0$aEconomic development 615 0$aEconomic development 676 $a657.098 700 $aFortin$b Henri$f1964-$0928141 701 $aBarros$b Ana Cristina$0928142 701 $aCutler$b Kit$f1979-$0928143 801 0$bMiAaPQ 801 1$bMiAaPQ 801 2$bMiAaPQ 906 $aBOOK 912 $a9910457100103321 996 $aAccounting for growth in Latin America and the Caribbean$92085792 997 $aUNINA